| 000 -LEADER |
| fixed length control field |
00477cam a22001097a 4500 |
| 008 - FIXED-LENGTH DATA ELEMENTS--GENERAL INFORMATION |
| fixed length control field |
180718b1972 xxu||||| |||| 00| 0 eng d |
| 082 ## - DEWEY DECIMAL CLASSIFICATION NUMBER |
| Classification number |
Tooo C737 |
| 245 ## - TITLE STATEMENT |
| Title |
Memorandum on a community policy on development cooperation: synoptic and programme for initial actions |
| Statement of responsibility, etc. |
by Commission of the European Communities |
| 260 ## - PUBLICATION, DISTRIBUTION, ETC. |
| Place of publication, distribution, etc. |
Luxembourg |
| Name of publisher, distributor, etc. |
Office for Official Publications of the European Communities |
| Date of publication, distribution, etc. |
1972 |
| 300 ## - PHYSICAL DESCRIPTION |
| Extent |
304p |
| 700 ## - ADDED ENTRY--PERSONAL NAME |
| Personal name |
Europe. Commission of the European Communities |